Industrial programmes for the fourth plan, Madras State. (Record no. 67861)

MARC details
000 -LEADER
fixed length control field 00621cam a22002171 4500
001 - CONTROL NUMBER
control field sa 66001542
003 - CONTROL NUMBER IDENTIFIER
control field DLC
005 - DATE AND TIME OF LATEST TRANSACTION
control field 20260227112223.0
008 - FIXED-LENGTH DATA ELEMENTS--GENERAL INFORMATION
fixed length control field 861118s1965 ii b 000 0 eng
010 ## - LIBRARY OF CONGRESS CONTROL NUMBER
LC control number sa 66001542
025 ## - OVERSEAS ACQUISITION NUMBER
Overseas acquisition number PL480:I-E-5323
035 ## - SYSTEM CONTROL NUMBER
System control number (OCoLC)14763354
040 ## - CATALOGING SOURCE
Original cataloging agency DLC
Transcribing agency WaU
Modifying agency WaU
-- DLC
042 ## - AUTHENTICATION CODE
Authentication code premarc
050 00 - LIBRARY OF CONGRESS CALL NUMBER
Classification number HC437.M3
Item number N25
110 2# - MAIN ENTRY--CORPORATE NAME
Corporate name or jurisdiction name as entry element National Council of Applied Economic Research.
245 10 - TITLE STATEMENT
Title Industrial programmes for the fourth plan, Madras State.
260 ## - PUBLICATION, DISTRIBUTION, ETC.
Place of publication, distribution, etc. New Delhi
Date of publication, distribution, etc. [1965]
300 ## - PHYSICAL DESCRIPTION
Extent xi, 360 p.
Other physical details maps.
Dimensions 24 cm.
651 #0 - SUBJECT ADDED ENTRY--GEOGRAPHIC NAME
Geographic name Chennai (India)
General subdivision Economic policy.

No items available.

Powered by Koha